000 00903nas a2200289 454500
001 31922
005 20260407193508.0
008 260407s1993####ag###########|||spa#d
003 AR-UNSa-BCEJYS
040 _aAR-UNSa-BCEJYS
_bspa
_cAR-UNSa-BCEJYS
080 _a930.25
_xArchivística. Archivos
245 1 0 _aRevista Argentina de Intergración Archivística
022 _a0327-6619
264 1 _aCórdoba :
_b[s.n.]
_c1993
310 _aFrecuencia: Cuatrimestral
041 _aspa
942 _cSER
590 _aniveau_biblio:s niveau_hierar:1
100 1 _aSenestrari, Marcelo Alberto
650 _aArchivos
650 _aArchivos nacionales
650 _aArchivos públicos
650 _aInformática
650 _aRestauración
650 _aMicrofilm
856 4 1 _uhttps://biblioeco.unsa.edu.ar/pmb/images/revistas/Procesamiento de la informacion-r15527.jpg
_yImagen de portada
_qimage/jpeg
999 _c8716
_d8716